[Event "WALTON 40th BAN-ch U20 Open 2022"]
[Site "Dhaka"]
[Date "2022.02.18"]
[Round "4.7"]
[White "Sakline Mostafa, Sajid"]
[Black "Safayat, Kibria"]
[Result "1-0"]
[WhiteElo "2089"]
[BlackElo "1357"]
[Annotator "TA"]
[PlyCount "61"]
[EventDate "2022.02.15"]
[EventType "swiss"]
[EventCountry "BAN"]
[SourceTitle "playchess.com"]
[Source "ChessBase"]
[SourceQuality "1"]

{[%evp 17,61,22,18,18,39,18,54,41,21,22,127,128,115,112,147,118,110,64,69,86,108,56,64,16,99,0,632,641,559,323,429,317,322,316,373,373,377,339,890,694,589,272,29993,29985,29996,29997]} 1. d4 d5 2. c4 e6 3. Nc3 Nf6 4. Bg5 Be7 5. e3 c6 6. Nf3 Nbd7 7. Bd3 b6 8. O-O O-O 9. Rc1 {9.cxd5 gains popularity.} Bb7 10. Qe2 {D53: Queen's Gambit Declined: 4 Bg5 Be7: Early deviations.} h6 {[#] White must now prevent ...dxc4.} 11. Bh4 Ne8 12. Bxe7 {White is slightly better.} Qxe7 {[#]} 13. e4 $146 {[%cal Be3e4,Be4e5][%mdl 32]} ({Predecessor:} 13. cxd5 cxd5 14. Nb5 Ndf6 15. Rc2 a6 16. Nc3 Nd6 17. Rfc1 Rfc8 18. Na4 Qd8 19. Ne5 Rxc2 20. Rxc2 {1-0 (52) Nemec,H (1729)-Bernik,A (1699) Verzej 2013}) 13... Nef6 (13... dxc4 $11 {remains equal.} 14. Bxc4 Nc7) 14. e5 $16 Ne8 {[#]} 15. cxd5 $1 cxd5 16. Nb5 a6 17. Nc7 (17. Na3 $16) 17... Nxc7 $1 $14 18. Rxc7 Rfb8 19. Qd2 (19. Rfc1 $16) 19... Qd8 $1 20. Rfc1 (20. Rc3 $14) 20... a5 (20... Nc5 $1 $11) 21. Bb5 {White is much more active. Black has bad knights.} (21. Qf4 $16) 21... Nf8 $2 {[%mdl 8192]} (21... Nc5 $11 22. R7xc5 bxc5 23. dxc5 Ba6 24. Bxa6 Rxa6) 22. Qf4 $18 f5 23. Qg3 {[%csl Gc7][%cal Rg3g7]} g6 24. Qf4 g5 25. Qd2 Ba6 26. Bxa6 Rxa6 27. h4 {[%cal Rh4g5]} Nh7 (27... Rba8 28. hxg5 hxg5 29. Nxg5 R6a7) 28. hxg5 Nxg5 29. Nxg5 (29. R1c3 $142 {Nxg5 would kill now.} Nxf3+ 30. Rxf3 (30. gxf3 Qh4 $18) 30... Qxc7 31. Qxh6) 29... hxg5 $2 (29... Qxg5 $18 30. Qd1 h5) 30. Qe2 Raa8 31. Qh5 {Weighted Error Value: White=0.56/Black=0.88} 1-0

[Event "WALTON 40th BAN-ch U20 Open 2022"]
[Site "Dhaka"]
[Date "2022.02.18"]
[Round "4.8"]
[White "Azharul, Karim"]
[Black "Sajidul, Haque"]
[Result "0-1"]
[WhiteElo "1315"]
[BlackElo "1766"]
[Annotator "NA RC"]
[PlyCount "56"]
[EventDate "2022.02.15"]
[EventType "swiss"]
[EventCountry "BAN"]
[SourceTitle "playchess.com"]
[Source "ChessBase"]
[SourceQuality "1"]
[TimeControl "5400+30"]

1. d4 {[%emt 0:07:48]} d5 {[%emt 0:00:24]} 2. Bf4 {[%emt 0:00:38]} Nf6 {[%emt 0:00:08]} 3. e3 {[%emt 0:00:07]} e6 {[%emt 0:00:20]} 4. Nf3 {[%emt 0:00:11]} Bd6 {[%emt 0:00:34]} 5. Bg3 {[%emt 0:00:19]} O-O {[%emt 0:01:27]} 6. Bd3 {[%emt 0:00:14]} c5 {[%emt 0:00:29]} 7. c3 {[%emt 0:00:57]} Nc6 {[%emt 0:00:11]} 8. Nbd2 {[%emt 0:00:28]} Re8 {[%emt 0:00:51]} 9. Ne5 {[%emt 0:00:19]} Qe7 {[%emt 0:01:29]} 10. h4 {[%emt 0:03:22]} Nd7 {[%emt 0:03:18]} 11. f4 {[%emt 0:06:52]} Nf8 {[%emt 0:04:43]} 12. Qh5 {[%emt 0:10:30]} f6 {[%emt 0:01:58]} 13. Nef3 {[%emt 0:19:09]} g6 {[%emt 0:01:24]} 14. Qh6 {[%emt 0:07:31]} Nd8 {[%emt 0:01:38]} 15. Ng5 {[%emt 0:00:09]} fxg5 {[%emt 0:00:24]} 16. hxg5 {[%emt 0:00:23]} Nf7 {[%emt 0:02:15]} 17. Qh4 {[%emt 0:03:35]} cxd4 {[%emt 0:01:49]} 18. exd4 {[%emt 0:01:15]} Bb8 {[%emt 0:06:47]} 19. O-O-O {[%emt 0:00:43]} Nd6 {[%emt 0:00:29]} 20. Nf3 {[%emt 0:02:17]} Nf5 {[%emt 0:01:02]} 21. Bxf5 {[%emt 0:02:06]} exf5 {[%emt 0:00:29]} 22. Rde1 {[%emt 0:02:59]} Be6 {[%emt 0:00:49]} 23. Ne5 {[%emt 0:01:12]} Bxe5 {[%emt 0:00:58]} 24. dxe5 {[%emt 0:00:49]} d4 {[%emt 0:00:17]} 25. cxd4 {[%emt 0:01:39]} Bxa2 {[%emt 0:00:14]} 26. Re2 {[%emt 0:02:00]} Rac8+ {[%emt 0:00:36]} 27. Kd1 {[%emt 0:00:40]} Bb3+ {[%emt 0:00:09]} 28. Ke1 {[%emt 0:26:18]} Qd8 {[%emt 1:09:18]} 0-1

[Event "WALTON 40th BAN-ch U20 Open 2022"]
[Site "Dhaka"]
[Date "2022.02.19"]
[Round "5.1"]
[White "Noshin, Anjum"]
[Black "Manon, Reja Neer"]
[Result "0-1"]
[WhiteElo "2017"]
[BlackElo "2209"]
[Annotator "ChessBase"]
[PlyCount "98"]
[EventDate "2022.02.15"]
[EventType "swiss"]
[EventCountry "BAN"]
[SourceTitle "playchess.com"]
[Source "ChessBase"]
[SourceQuality "1"]
[TimeControl "5400+30"]

1. e4 {[%emt 0:03:16]} c6 {[%emt 0:00:06]} 2. d4 {[%emt 0:00:18]} d5 {[%emt 0:00:06]} 3. Nc3 {[%emt 0:00:08]} dxe4 {[%emt 0:00:06]} 4. Nxe4 {[%emt 0:00:02]} Nf6 {[%emt 0:00:02]} 5. Nxf6+ {[%emt 0:00:13]} exf6 {[%emt 0:00:03]} 6. c3 {[%emt 0:00:09]} Bd6 {[%emt 0:00:05]} 7. Bd3 {[%emt 0:00:06]} O-O {[%emt 0:00:06]} 8. Qc2 {[%emt 0:00:02]} Re8+ {[%emt 0:00:06]} 9. Ne2 {[%emt 0:00:06]} h5 {[%emt 0:00:03]} 10. Be3 {[%emt 0:00:05]} Nd7 {[%emt 0:01:06]} 11. O-O-O {[%emt 0:00:24]} Nf8 {[%emt 0:00:15]} 12. Kb1 {[%emt 0:00:17]} Be6 {[%emt 0:00:08]} 13. c4 {[%emt 0:00:06]} Rc8 {[%emt 0:00:17]} 14. Nc3 {[%emt 0:00:29]} Qa5 {[%emt 0:06:22]} 15. a3 {[%emt 0:06:34]} Bb8 {[%emt 0:12:11]} 16. Ne4 {[%emt 0:08:46]} Rcd8 {[%emt 0:17:14]} 17. Nc5 {[%emt 0:12:26]} Bc8 {[%emt 0:03:17]} 18. Bf5 {[%emt 0:19:01]} Qc7 {[%emt 0:02:55]} 19. g3 {[%emt 0:05:59]} b6 {[%emt 0:09:47]} 20. Nb3 {[%emt 0:12:10]} g6 {[%emt 0:03:49]} 21. Bxc8 {[%emt 0:01:43]} Qxc8 {[%emt 0:00:29]} 22. d5 {[%emt 0:07:13]} c5 {[%emt 0:06:02]} 23. Rhe1 {[%emt 0:07:24]} Qh3 {[%emt 0:02:41]} 24. f4 {[%emt 0:01:12]} h4 {[%emt 0:01:20]} 25. Qf2 {[%emt 0:00:19]} Bd6 {[%emt 0:09:21]} 26. gxh4 {[%emt 0:01:57]} Re7 {[%emt 0:00:58]} 27. Ka2 {[%emt 0:09:25]} Rde8 {[%emt 0:03:14]} 28. Bd2 {[%emt 0:00:09]} Rxe1 {[%emt 0:07:16]} 29. Rxe1 {[%emt 0:00:04]} Rxe1 {[%emt 0:00:06]} 30. Bxe1 {[%emt 0:00:04]} Qd3 {[%emt 0:00:13]} 31. Nd2 {[%emt 0:00:19]} Qf5 {[%emt 0:00:01]} 32. Nf1 {[%emt 0:00:39]} Qe4 {[%emt 0:00:58]} 33. b3 {[%emt 0:01:09]} Bxf4 {[%emt 0:00:32]} 34. Ng3 {[%emt 0:00:43]} Qe5 {[%emt 0:02:13]} 35. Bd2 {[%emt 0:00:23]} Bxd2 {[%emt 0:00:18]} 36. Qxd2 {[%emt 0:00:03]} Nd7 {[%emt 0:00:03]} 37. Qe2 {[%emt 0:00:51]} Kg7 {[%emt 0:01:18]} 38. Qg4 {[%emt 0:02:19]} f5 {[%emt 0:00:43]} 39. Qg5 {[%emt 0:02:33]} f6 {[%emt 0:01:40]} 40. Qd2 {[%emt 0:00:15]} f4 {[%emt 0:00:02]} 41. Ne2 {[%emt 0:00:10]} g5 {[%emt 0:00:53]} 42. hxg5 {[%emt 0:00:23]} fxg5 {[%emt 0:00:01]} 43. Ng1 {[%emt 0:01:29]} Qe4 {[%emt 0:02:42]} 44. Kb2 {[%emt 0:00:29]} Ne5 {[%emt 0:11:22]} 45. Qe2 {[%emt 0:00:16]} Qd4+ {[%emt 0:00:00]} 46. Kc2 {[%emt 0:00:41]} g4 {[%emt 0:00:00]} 47. h3 {[%emt 0:00:34]} f3 {[%emt 0:00:00]} 48. Qd2 {[%emt 0:00:05]} Qxd2+ {[%emt 0:00:00]} 49. Kxd2 {[%emt 0:00:01]} f2 {[%emt 0:00:00]} 0-1

[Event "WALTON 40th BAN-ch U20 Open 2022"]
[Site "Dhaka"]
[Date "2022.02.19"]
[Round "5.2"]
[White "Subrota, Biswas"]
[Black "Swarnavo Choudhury"]
[Result "1-0"]
[WhiteElo "2202"]
[BlackElo "1945"]
[Annotator "ChessBase"]
[PlyCount "57"]
[EventDate "2022.02.15"]
[EventType "swiss"]
[EventCountry "BAN"]
[SourceTitle "playchess.com"]
[Source "ChessBase"]
[SourceQuality "1"]
[TimeControl "5400+30"]

1. e4 {[%emt 0:00:01]} c5 {[%emt 0:03:36]} 2. Nf3 {[%emt 0:00:02]} e6 {[%emt 0:00:59]} 3. d4 {[%emt 0:00:46]} cxd4 {[%emt 0:00:07]} 4. Nxd4 {[%emt 0:00:02]} Nc6 {[%emt 0:00:10]} 5. Nc3 {[%emt 0:00:01]} Qc7 {[%emt 0:00:08]} 6. Be3 {[%emt 0:00:04]} a6 {[%emt 0:00:06]} 7. g4 {[%emt 0:00:35]} Nxd4 {[%emt 0:02:22]} 8. Qxd4 {[%emt 0:00:12]} b5 {[%emt 0:00:22]} 9. O-O-O {[%emt 0:01:22]} Bb7 {[%emt 0:03:22]} 10. f3 {[%emt 0:00:04]} Rc8 {[%emt 0:04:22]} 11. Qd2 {[%emt 0:00:02]} Bb4 {[%emt 0:23:16]} 12. Bd4 {[%emt 0:00:01]} f6 {[%emt 0:09:47]} 13. a3 {[%emt 0:03:22]} Bxc3 {[%emt 0:06:05]} 14. Bxc3 {[%emt 0:01:05]} d5 {[%emt 0:04:59]} 15. Bd3 {[%emt 0:05:36]} Ne7 {[%emt 0:06:59]} 16. g5 {[%emt 0:02:48]} e5 {[%emt 0:12:47]} 17. gxf6 {[%emt 0:00:11]} gxf6 {[%emt 0:00:09]} 18. Ba5 {[%emt 0:09:30]} Qd6 {[%emt 0:06:42]} 19. Rhg1 {[%emt 0:10:34]} Kf7 {[%emt 0:10:31]} 20. exd5 {[%emt 0:09:14]} f5 {[%emt 0:02:32]} 21. Bb4 {[%emt 0:00:12]} Qf6 {[%emt 0:00:14]} 22. Bxe7 {[%emt 0:01:15]} Kxe7 {[%emt 0:00:10]} 23. Qb4+ {[%emt 0:00:09]} Kf7 {[%emt 0:00:56]} 24. Qb3 {[%emt 0:03:19]} Rcd8 {[%emt 0:00:49]} 25. c4 {[%emt 0:00:15]} Rd7 {[%emt 0:00:56]} 26. d6 {[%emt 0:01:27]} Rxd6 {[%emt 0:00:31]} 27. cxb5+ {[%emt 0:01:33]} Bd5 {[%emt 0:00:23]} 28. Bc4 {[%emt 0:00:15]} Bxc4 {[%emt 0:00:35]} 29. Qxc4+ {[%emt 0:00:04]} 1-0

[Event "WALTON 40th BAN-ch U20 Open 2022"]
[Site "Dhaka"]
[Date "2022.02.19"]
[Round "5.3"]
[White "Zia, Tahsin Tajwar"]
[Black "Md, Azmaeen Parvez Sayor"]
[Result "1-0"]
[WhiteElo "2283"]
[BlackElo "1920"]
[Annotator "ChessBase"]
[PlyCount "152"]
[EventDate "2022.02.15"]
[EventType "swiss"]
[EventCountry "BAN"]
[SourceTitle "playchess.com"]
[Source "ChessBase"]
[SourceQuality "1"]
[TimeControl "5400+30"]

1. e4 {[%emt 0:00:16]} e5 {[%emt 0:00:34]} 2. Bc4 {[%emt 0:00:13]} Nf6 {[%emt 0:00:16]} 3. d3 {[%emt 0:00:43]} d5 {[%emt 0:01:19]} 4. exd5 {[%emt 0:00:23]} Nxd5 {[%emt 0:00:21]} 5. Nf3 {[%emt 0:02:45]} Nc6 {[%emt 0:03:29]} 6. h3 {[%emt 0:07:31]} Be7 {[%emt 0:01:52]} 7. O-O {[%emt 0:01:40]} O-O {[%emt 0:00:40]} 8. Re1 {[%emt 0:01:19]} Bf6 {[%emt 0:00:36]} 9. Nbd2 {[%emt 0:02:22]} a6 {[%emt 0:03:54]} 10. Ne4 {[%emt 0:00:34]} Be7 {[%emt 0:01:10]} 11. c3 {[%emt 0:03:08]} h6 {[%emt 0:03:20]} 12. Ng3 {[%emt 0:04:53]} Nb6 {[%emt 0:00:52]} 13. Bb3 {[%emt 0:00:28]} Bd6 {[%emt 0:01:41]} 14. Be3 {[%emt 0:00:44]} Re8 {[%emt 0:02:14]} 15. Ne4 {[%emt 0:03:47]} Bf8 {[%emt 0:03:24]} 16. Nfg5 {[%emt 0:01:39]} Nd5 {[%emt 0:02:01]} 17. Qf3 {[%emt 0:24:06]} Be6 {[%emt 0:08:37]} 18. Nxe6 {[%emt 0:00:35]} fxe6 {[%emt 0:00:06]} 19. Rad1 {[%emt 0:02:00]} Bd6 {[%emt 0:10:47]} 20. Qg4 {[%emt 0:03:22]} Kh8 {[%emt 0:04:00]} 21. c4 {[%emt 0:07:13]} Nf6 {[%emt 0:01:18]} 22. Nxf6 {[%emt 0:03:14]} Qxf6 {[%emt 0:00:19]} 23. c5 {[%emt 0:00:46]} Bf8 {[%emt 0:00:50]} 24. Ba4 {[%emt 0:00:23]} Qf5 {[%emt 0:01:23]} 25. Qe4 {[%emt 0:04:50]} Qxe4 {[%emt 0:02:35]} 26. dxe4 {[%emt 0:00:01]} Red8 {[%emt 0:00:48]} 27. Bxc6 {[%emt 0:00:24]} bxc6 {[%emt 0:00:15]} 28. Kf1 {[%emt 0:00:41]} Kg8 {[%emt 0:02:56]} 29. Ke2 {[%emt 0:01:49]} Kf7 {[%emt 0:01:05]} 30. b3 {[%emt 0:02:00]} Ke8 {[%emt 0:01:11]} 31. Rc1 {[%emt 0:01:41]} Rdb8 {[%emt 0:04:18]} 32. Rc4 {[%emt 0:02:05]} Rd8 {[%emt 0:06:15]} 33. Rec1 {[%emt 0:01:05]} Rd7 {[%emt 0:01:48]} 34. R1c2 {[%emt 0:01:27]} Kd8 {[%emt 0:03:00]} 35. Bc1 {[%emt 0:01:28]} Be7 {[%emt 0:01:17]} 36. Bb2 {[%emt 0:01:40]} Bf6 {[%emt 0:00:18]} 37. Rd2 {[%emt 0:02:35]} Rxd2+ {[%emt 0:01:11]} 38. Kxd2 {[%emt 0:00:01]} Kc8 {[%emt 0:00:32]} 39. Rc3 {[%emt 0:00:42]} Kd7 {[%emt 0:04:27]} 40. Ke2 {[%emt 0:00:32]} Rd8 {[%emt 0:01:26]} 41. Bc1 {[%emt 0:06:05]} Kc8 {[%emt 0:01:59]} 42. Be3 {[%emt 0:00:04]} Rd7 {[%emt 0:00:49]} 43. Rc1 {[%emt 0:00:27]} Rd8 {[%emt 0:02:15]} 44. Rg1 {[%emt 0:00:08]} Rh8 {[%emt 0:02:24]} 45. Rd1 {[%emt 0:01:03]} Rd8 {[%emt 0:00:50]} 46. Rh1 {[%emt 0:00:05]} Rh8 {[%emt 0:01:06]} 47. g3 {[%emt 0:01:19]} Kd7 {[%emt 0:02:06]} 48. f4 {[%emt 0:00:39]} a5 {[%emt 0:01:19]} 49. Kf3 {[%emt 0:02:06]} Rb8 {[%emt 0:00:51]} 50. f5 {[%emt 0:02:02]} exf5 {[%emt 0:00:54]} 51. exf5 {[%emt 0:00:05]} a4 {[%emt 0:00:16]} 52. Rb1 {[%emt 0:01:04]} Rb4 {[%emt 0:02:15]} 53. Bd2 {[%emt 0:01:03]} Rd4 {[%emt 0:01:25]} 54. Ke2 {[%emt 0:00:23]} axb3 {[%emt 0:01:18]} 55. Rxb3 {[%emt 0:01:00]} Rc4 {[%emt 0:01:00]} 56. Rc3 {[%emt 0:00:40]} Ra4 {[%emt 0:00:58]} 57. a3 {[%emt 0:00:50]} e4 {[%emt 0:02:28]} 58. Rb3 {[%emt 0:00:12]} Rc4 {[%emt 0:00:23]} 59. Be3 {[%emt 0:01:38]} Be7 {[%emt 0:01:48]} 60. Rb4 {[%emt 0:00:44]} Rc2+ {[%emt 0:01:00]} 61. Kd1 {[%emt 0:00:43]} Rc3 {[%emt 0:02:15]} 62. Kd2 {[%emt 0:00:28]} Rxa3 {[%emt 0:00:53]} 63. Rd4+ {[%emt 0:00:09]} Ke8 {[%emt 0:00:55]} 64. Rxe4 {[%emt 0:02:28]} Kf7 {[%emt 0:00:42]} 65. Re6 {[%emt 0:00:00]} Ra6 {[%emt 0:00:57]} 66. g4 {[%emt 0:00:00]} Bf6 {[%emt 0:00:53]} 67. Kd3 {[%emt 0:00:00]} Ra3+ {[%emt 0:00:17]} 68. Kc4 {[%emt 0:00:08]} Ra6 {[%emt 0:00:37]} 69. Kb4 {[%emt 0:00:15]} Be7 {[%emt 0:00:40]} 70. Bf4 {[%emt 0:00:17]} Bd8 {[%emt 0:00:10]} 71. Be5 {[%emt 0:00:07]} Kf8 {[%emt 0:00:40]} 72. Rg6 {[%emt 0:00:14]} Ra8 {[%emt 0:00:51]} 73. Bxg7+ {[%emt 0:00:24]} Kf7 {[%emt 0:00:08]} 74. Bxh6 {[%emt 0:00:49]} Bf6 {[%emt 0:00:12]} 75. g5 {[%emt 0:00:12]} Rb8+ {[%emt 0:00:09]} 76. Kc4 {[%emt 0:00:07]} Ke7 {[%emt 0:02:22]} 1-0

[Event "WALTON 40th BAN-ch U20 Open 2022"]
[Site "Dhaka"]
[Date "2022.02.19"]
[Round "5.4"]
[White "Anower, Hossain"]
[Black "Sakline Mostafa, Sajid"]
[Result "0-1"]
[WhiteElo "1634"]
[BlackElo "2089"]
[Annotator "TA"]
[PlyCount "40"]
[EventDate "2022.02.15"]
[EventType "swiss"]
[EventCountry "BAN"]
[SourceTitle "playchess.com"]
[Source "ChessBase"]
[SourceQuality "1"]

{[%evp 16,40,13,7,21,0,0,-3,-4,-107,-116,-114,-109,-201,-189,-182,-181,-265,-281,-389,-373,-355,-375,-375,-369,-29996,-59]} 1. Nf3 c5 2. c4 Nc6 3. Nc3 e6 4. e4 Nf6 5. d4 cxd4 6. Nxd4 Bb4 7. Nxc6 bxc6 8. Bd3 e5 9. O-O Bc5 {B44: Sicilian: Taimanov: 5 Nb5.} 10. Bg5 h6 {[%cal Bh7h6,Bh6h5,Bh5h4][%mdl 32]} 11. Bh4 d6 {Strongly threatening ...g5. The position is equal.} 12. h3 (12. Rb1 $11 {keeps the balance.}) 12... g5 $1 $17 13. Bg3 {[#]} h5 $1 {[#] And now ...h4 would win.} 14. Kh1 $146 (14. Bh2 $17) ({Predecessor:} 14. h4 Ng4 15. hxg5 Qxg5 16. Bh2 Rg8 17. g3 Nxh2 18. Kxh2 Bxf2 19. Qf3 Bxg3+ 20. Kh1 Qh4+ 21. Kg1 Bf2# {0-1 (21) Talalov,A (1757)-Budisavljevic,L (1597) Budva 2013}) 14... h4 $19 15. Bh2 {[#]} g4 16. hxg4 (16. Be2 {was called for.} gxh3 17. g4) 16... Nxg4 17. Qe2 Qf6 (17... h3 18. g3 $17) 18. f4 ({Avoid the trap} 18. Bg1 $2 h3 19. Qf3 hxg2+ 20. Kxg2 Qh4 21. Qxf7+ Kxf7 $19) 18... Nxh2 19. Kxh2 Qg7 {( -> ...Qg3+)} 20. f5 $2 (20. Rf3 $19 Bg4 21. f5) 20... Qg3+ {Black took control after the opening.  Weighted Error Value: White=1.06/Black=0.01 (flawless)} ({Worse is} 20... Rg8 21. Kh1 $17) 0-1

[Event "WALTON 40th BAN-ch U20 Open 2022"]
[Site "Dhaka"]
[Date "2022.02.19"]
[Round "5.5"]
[White "Mohammed, Sagar Ullah"]
[Black "Justin Matthias Baroi"]
[Result "0-1"]
[WhiteElo "1924"]
[BlackElo "1575"]
[Annotator "ChessBase"]
[PlyCount "68"]
[EventDate "2022.02.15"]
[EventType "swiss"]
[EventCountry "BAN"]
[SourceTitle "playchess.com"]
[Source "ChessBase"]
[SourceQuality "1"]
[TimeControl "5400+30"]

1. e4 {[%emt 0:00:32]} e6 {[%emt 0:00:24]} 2. d4 {[%emt 0:00:23]} d5 {[%emt 0:00:37]} 3. e5 {[%emt 0:01:05]} c5 {[%emt 0:00:57]} 4. c3 {[%emt 0:00:34]} Nc6 {[%emt 0:01:16]} 5. Nf3 {[%emt 0:01:19]} Bd7 {[%emt 0:02:01]} 6. Bd3 {[%emt 0:00:45]} Qb6 {[%emt 0:05:25]} 7. dxc5 {[%emt 0:04:39]} Bxc5 {[%emt 0:02:02]} 8. O-O {[%emt 0:00:25]} a5 {[%emt 0:07:07]} 9. Nbd2 {[%emt 0:01:51]} a4 {[%emt 0:04:57]} 10. b4 {[%emt 0:00:09]} axb3 {[%emt 0:00:15]} 11. Nxb3 {[%emt 0:00:01]} Nge7 {[%emt 0:05:47]} 12. a4 {[%emt 0:02:59]} Na5 {[%emt 0:19:11]} 13. Nxc5 {[%emt 0:02:45]} Qxc5 {[%emt 0:00:39]} 14. Qc2 {[%emt 0:01:33]} Rc8 {[%emt 0:10:16]} 15. Bb2 {[%emt 0:01:40]} Nc4 {[%emt 0:09:21]} 16. Bxc4 {[%emt 0:03:27]} Qxc4 {[%emt 0:01:43]} 17. Rfc1 {[%emt 0:00:16]} Nf5 {[%emt 0:06:31]} 18. Qd1 {[%emt 0:03:35]} Qg4 {[%emt 0:05:35]} 19. h3 {[%emt 0:01:13]} Qf4 {[%emt 0:00:38]} 20. Qb3 {[%emt 0:03:52]} Bc6 {[%emt 0:01:50]} 21. Re1 {[%emt 0:01:06]} d4 {[%emt 0:06:03]} 22. Nxd4 {[%emt 0:02:30]} Nxd4 {[%emt 0:00:23]} 23. cxd4 {[%emt 0:00:18]} Qg5 {[%emt 0:02:20]} 24. f3 {[%emt 0:03:45]} O-O {[%emt 0:01:36]} 25. Qe3 {[%emt 0:00:48]} Qg6 {[%emt 0:00:49]} 26. Ba3 {[%emt 0:00:29]} Rfe8 {[%emt 0:00:14]} 27. Bc5 {[%emt 0:00:28]} f6 {[%emt 0:02:37]} 28. Kh2 {[%emt 0:00:36]} fxe5 {[%emt 0:00:34]} 29. Qxe5 {[%emt 0:00:40]} Rcd8 {[%emt 0:00:44]} 30. Qg3 {[%emt 0:01:37]} Qf6 {[%emt 0:01:09]} 31. a5 {[%emt 0:00:33]} Rd5 {[%emt 0:00:19]} 32. a6 {[%emt 0:00:56]} Rg5 {[%emt 0:01:01]} 33. Qc7 {[%emt 0:01:07]} Rxg2+ {[%emt 0:00:17]} 34. Kh1 {[%emt 0:03:12]} Qxf3 {[%emt 0:00:30]} 0-1

[Event "WALTON 40th BAN-ch U20 Open 2022"]
[Site "Dhaka"]
[Date "2022.02.19"]
[Round "5.6"]
[White "Mortuza Muhtadi, Islam"]
[Black "Dibya, Das Gupta"]
[Result "0-1"]
[WhiteElo "1485"]
[BlackElo "1923"]
[Annotator "ChessBase"]
[PlyCount "52"]
[EventDate "2022.02.15"]
[EventType "swiss"]
[EventCountry "BAN"]
[SourceTitle "playchess.com"]
[Source "ChessBase"]
[SourceQuality "1"]
[TimeControl "5400+30"]

1. d4 {[%emt 0:00:07]} d5 {[%emt 0:01:14]} 2. c4 {[%emt 0:00:08]} e6 {[%emt 0:00:20]} 3. Nf3 {[%emt 0:00:04]} Nf6 {[%emt 0:00:16]} 4. Bg5 {[%emt 0:00:13]} Be7 {[%emt 0:00:17]} 5. Nc3 {[%emt 0:00:12]} O-O {[%emt 0:00:46]} 6. e3 {[%emt 0:00:19]} a6 {[%emt 0:00:54]} 7. Bd3 {[%emt 0:00:27]} dxc4 {[%emt 0:00:11]} 8. Bxc4 {[%emt 0:00:06]} b5 {[%emt 0:00:04]} 9. Bd3 {[%emt 0:01:16]} Bb7 {[%emt 0:00:14]} 10. O-O {[%emt 0:01:17]} Nbd7 {[%emt 1:31:14]} 11. Rc1 {[%emt 0:09:13]} c5 {[%emt 0:00:00]} 12. b3 {[%emt 0:09:13]} Rc8 {[%emt 0:00:00]} 13. Qe2 {[%emt 0:02:01]} Qa5 {[%emt 0:00:00]} 14. Bxf6 {[%emt 0:11:15]} Bxf6 {[%emt 0:00:00]} 15. Ne4 {[%emt 0:01:20]} Be7 {[%emt 0:00:00]} 16. Rfd1 {[%emt 0:30:29]} g6 {[%emt 0:00:00]} 17. h4 {[%emt 0:10:13]} cxd4 {[%emt 0:00:00]} 18. exd4 {[%emt 0:00:28]} Nf6 {[%emt 0:00:00]} 19. Qd2 {[%emt 0:14:39]} Qxd2 {[%emt 0:00:00]} 20. Nexd2 {[%emt 0:01:01]} Ba3 {[%emt 0:00:00]} 21. Rxc8 {[%emt 0:02:17]} Rxc8 {[%emt 0:00:00]} 22. Ne5 {[%emt 0:00:44]} Nd5 {[%emt 0:00:00]} 23. Be4 {[%emt 0:03:56]} f6 {[%emt 0:00:00]} 24. Nd3 {[%emt 0:00:26]} Bd6 {[%emt 0:00:00]} 25. Rc1 {[%emt 0:00:39]} Rxc1+ {[%emt 0:00:00]} 26. Nxc1 {[%emt 0:00:03]} Bf4 {[%emt 0:00:00]} 0-1